| 000 | 00558nam a2200193 a 4500 | ||
|---|---|---|---|
| 001 | 4667 | ||
| 003 | CDMR | ||
| 005 | 20151022113002.0 | ||
| 008 | 130130s1986||||||||||||||||||||||||||||d | ||
| 020 | _a8486459052 | ||
| 040 |
_aCDMR _bcat _cCDMR |
||
| 245 | 0 |
_aGuardar la línea _cprólogo de Juan Luis Cebrián |
|
| 260 |
_aMadrid _c1986 _bEdiciones El País |
||
| 300 | _a396 p. | ||
| 490 | 0 |
_aEn el País _v7 |
|
| 650 | 0 | 4 |
_93625 _aDiaris _vSeccions, columnes, etc _xOpinió _y1976-1986 |
| 610 | 0 | 4 |
_93256 _aDiario El País, S.L. _vRecull d'escrits |
| 942 |
_cMON _2udc |
||
| 999 |
_c4667 _d4667 |
||